ՀՀ Գիտությունների ազգային ակադեմիայի հիմնարար գիտական գրադարան  =   Fundamental Scientific Library of NAS RA
Normal view MARC view

Entry Personal Name

Number of records used in: 26

001 - CONTROL NUMBER

  • control field: 1962

003 - CONTROL NUMBER IDENTIFIER

  • control field: AM-YEHGA

005 - DATE AND TIME OF LATEST TRANSACTION

  • control field: 20250617070432.0

008 - FIXED-LENGTH DATA ELEMENTS

  • fixed length control field: 050630 a|ac|n|aab||||||||||||a |n|||||||

040 ## - CATALOGING SOURCE

  • Original cataloging agency: AM-YEHGA

100 1# - HEADING--PERSONAL NAME

  • Personal name: Պողոսյան, Հռիփսիմե Միսակի,
  • Dates associated with a name: 1899-1972

400 1# - SEE FROM TRACING--PERSONAL NAME

  • Personal name: Պողոսյան, Հռիփսիմե,
  • Dates associated with a name: 1899-1972

400 1# - SEE FROM TRACING--PERSONAL NAME

  • Personal name: Պողոսյան, Հ.Մ.
  • Fuller form of name: (Հռիփսիմե Միսակի),
  • Dates associated with a name: 1899-1972

400 1# - SEE FROM TRACING--PERSONAL NAME

  • Personal name: Պողոսյան, Հռ.
  • Fuller form of name: (Հռիփսիմե),
  • Dates associated with a name: 1899-1972

400 1# - SEE FROM TRACING--PERSONAL NAME

  • Control subfield: a
  • Personal name: Ասիլյան, Հռիփսիմե Միսակի,
  • Dates associated with a name: 1899-1972

400 1# - SEE FROM TRACING--PERSONAL NAME

  • Personal name: Погосян, Рипсимэ Мисаковна,
  • Dates associated with a name: 1899-1972

400 1# - SEE FROM TRACING--PERSONAL NAME

  • Personal name: Погосян, Рипсимэ,
  • Dates associated with a name: 1899-1972

400 1# - SEE FROM TRACING--PERSONAL NAME

  • Personal name: Погосян, Рипсиме,
  • Dates associated with a name: 1899-1972

400 1# - SEE FROM TRACING--PERSONAL NAME

  • Personal name: Погосян, Р.
  • Fuller form of name: (Рипсимэ),
  • Dates associated with a name: 1899-1972

400 1# - SEE FROM TRACING--PERSONAL NAME

  • Personal name: Погосян, Р.
  • Fuller form of name: (Рипсиме),
  • Dates associated with a name: 1899-1972

400 1# - SEE FROM TRACING--PERSONAL NAME

  • Personal name: Poghosyan, Hripsime Misaki,
  • Dates associated with a name: 1899-1972

670 ## - SOURCE DATA FOUND

  • Source citation: Խաչատրյան Հ. Գրական տեղեկատու, 1986 :
  • Information found: էջ 457-458 (Հռիփսիմե Միսակի Պողոսյան (24.4.1899, Թիֆլիս - 26.11.1972, Երևան), բանաստեղծուհի, թարգմանչուհի, ՀՍՍՀ կուլտ. վաստ. գործիչ (1967), ՍՍՀՄ գրող. միութ. անդամ (1934-ից); bI (Աղջկական ազգանունը Ասիլյան է։ Հովհաննես Գևորգի Պողոսյանի կինն է)

670 ## - SOURCE DATA FOUND

  • Source citation: Մեքենաների յերթը, 1932 :
  • Information found: տիտղթ. (Հ. Պողոսյան)

670 ## - SOURCE DATA FOUND

  • Source citation: Քսանամյան (Ժամանակակից բալլադ), 1938 :
  • Information found: տիտղթ. (Ս. Մարշակ; Ռուս. փոխադր.՝ Հ. Պողոսյան); (Պողոսյան Հռիփսիմե)

670 ## - SOURCE DATA FOUND

  • Source citation: Յերեք հեքյաթ = Три сказки, 1937 :
  • Information found: տիտղթ. (Ա.Ս. Պուշկին; Թարգմ.՝ Հռ. Պողոսյան)

670 ## - SOURCE DATA FOUND

  • Source citation: Наша улица (Стихи: Для ср. шк. возраста), 1952 :
  • Information found: т.л. (Р. Погосян); конц. (Погосян Рипсимэ)

670 ## - SOURCE DATA FOUND

  • Source citation: Верность :[Сб. стихов], 1956 :
  • Information found: конц. (Погосян Рипсиме)


ՀՀ ԳԱԱ հիմնարար գիտական գրադարան
ՀՀ,Երևան 0019
Մարշալ Բաղրամյան 24/6
հեռախոս:(374-10) 52-47-50
Հետադարձ կապ

All site content, except where otherwise noted, is licensed under a
Creative Commons License